Statistics for Apple variety quiz

Click here to take the quiz!

General Stats

  • This quiz has been taken 19 times
  • The average score is 4 of 12

Answer Stats

Answer% Correct
Golden delicious
76%
Granny smith
76%
Pink lady
65%
Braeburn
29%
Royal gala
29%
Cox
24%
Jonagold
24%
Russet
24%
Bramley
18%
Jazz
18%
James grive
12%
Worcester pearman
12%

Score Distribution

Percentile by Number Answered

Percent of People with Each Score

Your Score History

You have not taken this quiz